000 00317nam a22001457a 4500
008 230703b ||||| |||| 00| 0 eng d
020 _a9781599848471
041 _aeng
080 _a611
082 _a611FRU
100 _a10
101 _aATOM
245 _aANATOMY AND PHYSIOLOGY
_cFRUCHT .S.S
942 _2udc
_cBK
999 _c60074
_d60074